| 000 | 00853nam a2200217Ii 4500 | ||
|---|---|---|---|
| 003 | JO-AjNU | ||
| 008 | 230605s9999||||xx |||||||||||||| ||und|| | ||
| 017 | _a1995/7/734 | ||
| 040 |
_aJO-AjNU _bara _erda _cJO-AjNU |
||
| 041 | _aara | ||
| 050 | 1 | 4 | _aHB3660 .A3.K33 1996 |
| 100 | 3 |
_aالخفاف، عبد علي ،م.مشارك: محمد احمد عقلة المومني ؛ رسم : رفيق ابراهيم, _eauthor _947250 |
|
| 245 | 0 | 0 | _aالاطلس الديموغرافي للوطن العربي: مؤشرات حتى عام 2010 |
| 250 | _aط1 | ||
| 264 | 3 | 1 | _aعمان: دار عمار للنشر، 1996 |
| 300 |
_a80ص _bيحتوي على خرائط وجداول |
||
| 336 |
_atext _btxt _2rdacontent |
||
| 337 |
_aunmediated _bn _2rdamedia |
||
| 338 |
_avolume _bnc _2rdacarrier |
||
| 650 | 4 |
_aعالم عربي - سكان - خرائط _947251 |
|
| 999 |
_aA20613 _c24181 _d24181 |
||